The Subject(s) of Human Rights (Record no. 66914)

MARC details
000 -LEADER
fixed length control field 01568nam a2200217Ii 4500
008 - FIXED-LENGTH DATA ELEMENTS--GENERAL INFORMATION
fixed length control field 221202s xx 000 0 und d
245 #4 - TITLE STATEMENT
Title The Subject(s) of Human Rights
246 ## - VARYING FORM OF TITLE
Title proper/short title Crises, Violations, and Asian/American Critique
264 ## - PRODUCTION, PUBLICATION, DISTRIBUTION, MANUFACTURE, AND COPYRIGHT NOTICE
Name of producer, publisher, distributor, manufacturer Temple University Press
Date of production, publication, distribution, manufacture, or copyright notice 2019
300 ## - PHYSICAL DESCRIPTION
Extent 1 online resource
336 ## - CONTENT TYPE
Content type term text
Content type code txt
Source rdacontent
337 ## - MEDIA TYPE
Media type term computer
Media type code c
Source rdamedia
338 ## - CARRIER TYPE
Carrier type term online resource
Carrier type code cr
Source rdacarrier
520 ## - SUMMARY, ETC.
Summary, etc. The field of Asian American studies grew out of mid-twentieth century civil rights struggles, anti-war protests, and third world liberation movements. As a result, human rights issues have always been part of Asian American studies, though they've been largely peripheral to the interdiscipline. This edited collection bring Asian American studies to the center of human rights critique by engaging with the possibilities and the limits of the stories that have circulated and the knowledge that has been produced around the broad topic of 'human rights' understood primarily as a post-1945 discourse that has profoundly affected the movements of people and relations of power across the Pacific. The collection brings together scholars from North America and Asia in order to approach the issue of human rights from both sides of the Pacific.
653 ## - INDEX TERM--UNCONTROLLED
Uncontrolled term Sociology
700 1# - ADDED ENTRY--PERSONAL NAME
Personal name Beauregard, Guy
700 1# - ADDED ENTRY--PERSONAL NAME
Personal name Lee, Hsiu-chuan
700 1# - ADDED ENTRY--PERSONAL NAME
Personal name Schlund-Vials, Cathy
856 ## - ELECTRONIC LOCATION AND ACCESS
Uniform Resource Identifier <a href="https://library.oapen.org/bitstream/20.500.12657/24370/1/1005744.pdfhttp://library.oapen.org/handle/20.500.12657/24370">https://library.oapen.org/bitstream/20.500.12657/24370/1/1005744.pdfhttp://library.oapen.org/handle/20.500.12657/24370</a>
942 ## - ADDED ENTRY ELEMENTS (KOHA)
Koha item type E-Book
Holdings
Withdrawn status Damaged status Not for loan Home library Current library Date acquired Total Checkouts Date last seen Price effective from Koha item type
      Directory of Open Access Books Directory of Open Access Books 11/28/2022   11/28/2022 11/28/2022 E-Book

University of Rizal System
Email us at univlibservices@urs.edu.ph

Visit our Website www.urs.edu.ph/library